000 00770nam a22002412 4500
001 0000018866
005 20151217152137.0
008 100810s xx 000 0 eng d
020 _a8120416104 :
040 _aKABU
_cKABU
100 1 _aPreek, Udai.
_@0000178299
245 1 0 _aDesigning and managing human resource systems /
_cUdai Pareek, T. Venkateswara Rao.
250 _a3rd ed.
260 _aNew Delhi :
_bIBH Publishing,
_c2003.
300 _axv, 622 p.
650 0 _aPersonnel management.
_@0000150761
650 0 _aEmployees
_xTraining of.
_@0000151598
650 0 _aManpower planning.
_@0000178300
700 1 _aRao, T. Venkateswara.
_@0000178301
852 1 _9p1975 KES
908 _a100810
950 _@1
999 _c8686
_d8686